Click the U2 Song Title Ending - Statistics

General Stats
  • This quiz has been taken 134 times
    118 since last reset
  • The average score is 24 of 30
Answer Stats
Hint Answer % Correct
I Still Haven't Found What I'm Looking For
100%
With or Without You
100%
Pride (In the Name of) Love
98%
City of Blinding Lights
96%
Where the Streets Have No Name
96%
Sunday Bloody Sunday
96%
Stuck in a Moment You Can't Get Out Of
93%
New Year's Day
92%
Even Better Than the Real Thing
91%
I Will Follow
90%
Who's Gonna Ride Your Wild Horses
88%
Stay (Faraway, So) Close
86%
One Tree Hill
86%
Out of Control
84%
Walk On
82%
Mysterious Ways
81%
No Line on the Horizon
80%
Staring at the Sun
80%
Love is Blindness
79%
Angel of Harlem
78%
Bullet the Blue Sky
78%
In God's Country
74%
The Unforgettable Fire
72%
Red Hill Mining Town
69%
Drowning Man
68%
Zoo Station
66%
A Sort of Homecoming
61%
Miracle Drug
60%
Into the Heart
46%
Like a Song
41%
No matching quizzes found
Score Distribution
Percent of People with Each Score
Percentile by Number Answered
Your Score History
You have not taken this quiz since the last reset